000 00315nam a2200133Ia 4500
008 230818s9999 xx 000 0 und d
041 _aeng
100 _avaz
245 _aStrategic management (
260 _bmanan prakashan
300 _a330p
520 _aGeneral
999 _c853075
_d853075
650 _aHospitality Strategic Management